<?xml version="1.0" encoding="UTF-8"?>
<marc:record xmlns:marc="http://www.loc.gov/MARC21/slim">
   <marc:leader>00000nam a2200000 a 4500</marc:leader>
   <marc:datafield ind1="1" ind2=" " tag="100">
      <marc:subfield code="a">Banks, Rosie</marc:subfield>
      <marc:subfield code="4">aut</marc:subfield>
      <marc:subfield code="e">Verfasser/-in</marc:subfield>
   </marc:datafield>
   <marc:datafield ind1="0" ind2="0" tag="245">
      <marc:subfield code="a">Drei Freundinnen im Wunderland</marc:subfield>
   </marc:datafield>
   <marc:datafield ind1=" " ind2="1" tag="264">
      <marc:subfield code="a">Frankfurt, M.</marc:subfield>
      <marc:subfield code="b">Fischer KJB</marc:subfield>
      <marc:subfield code="c">2013</marc:subfield>
   </marc:datafield>
   <marc:datafield ind1="1" ind2=" " tag="490">
      <marc:subfield code="a">Drei Freundinnen im Wunderland</marc:subfield>
   </marc:datafield>
   <marc:datafield ind1="1" ind2=" " tag="520">
      <marc:subfield code="a">Angaben aus der Verlagsmeldung

Drei Freundinnen im Wunderland. Im Weihnachtspalast &amp; Ein Weihnachtswunder Secret Kingdom. Christmas Castle / von Rosie Banks

Ein weihnachtliches Wunderland-Abenteuer für die schönste Zeit des Jahres

Es ist Weihnachten im Wunderland und alle magischen Wesen des Königreich sind auf dem Weg zur traditionellen Weihnachtsparty. Juli, Mia und Jasmin sind ebenfalls eingeladen! Die Mädchen freuen sich riesig, ihre neuen Freunde wiederzusehen – und sogar den Weihnachtsmann persönlich kennenzulernen. Doch niemand hat mit der bösen Malfiesa gerechnet. Können die Mädchen ihren schrecklichen Fluch brechen und das Weihnachtsfest retten?

Ein unabhängig lesbares Abenteuer für all Fans der ersten Staffel und alle Neueinsteiger
</marc:subfield>
   </marc:datafield>
   <marc:datafield ind1=" " ind2=" " tag="020">
      <marc:subfield code="a">9783596855902</marc:subfield>
      <marc:subfield code="9">9783596855902</marc:subfield>
   </marc:datafield>
   <marc:datafield ind1=" " ind2=" " tag="041">
      <marc:subfield code="a">ger</marc:subfield>
   </marc:datafield>
   <marc:datafield ind1=" " ind2=" " tag="300">
      <marc:subfield code="a">190 S.</marc:subfield>
   </marc:datafield>
</marc:record>
